000 00620cam a2200217 a 4500
001 3751377
005 20180201053340.0
008 820830s1983 nyua b 001 0 eng
010 _a 82017680
020 _a0443081255
040 _aDLC
_cDLC
_dDLC
041 _aeng
080 _a617.96
082 0 0 _a617.96 LIV
_220
100 _a6
101 _aANE
245 0 0 _aAnesthesia and co-existing disease /
_cedited by Robert K. Stoelting and Stephen F. Dierdorf ; with 19 contributors.
504 _aIncludes bibliographies and index.
906 _a7
_bcbc
_corignew
_d1
_eocip
_f19
_gy-gencatlg
942 _2ddc
_cBK
999 _c41511
_d41511